Sobre la compatibilidad del Axioma de Monotonicidad de la Lógica de la Justificación con cuatro teorías epistemológicas de la justificación
Salvato in:
| Autore principale: | |
|---|---|
| Natura: | Libro |
| Lingua: | Undetermined |
| Pubblicazione: |
San José, Costa Rica
Universidad de Costa Rica, Facultad de Letras, Escuela de Filosofía
2015
|
| Soggetti: | |
| Tags: |
Aggiungi Tag
Nessun Tag, puoi essere il primo ad aggiungerne!!
|
MARC
| LEADER | 00000nam a2200000Ia 4500 | ||
|---|---|---|---|
| 008 | 170316s9999 xx 000 0 und d | ||
| 040 | |a cru BVZT | ||
| 090 | |a TESIS 905 | ||
| 100 | |a Morales Delgado, Jorge A. | ||
| 245 | |a Sobre la compatibilidad del Axioma de Monotonicidad de la Lógica de la Justificación con cuatro teorías epistemológicas de la justificación | ||
| 260 | |a San José, Costa Rica | ||
| 260 | |b Universidad de Costa Rica, Facultad de Letras, Escuela de Filosofía | ||
| 260 | |c 2015 | ||
| 300 | |a 155 páginas | ||
| 650 | |a TRABAJO FINAL DE GRADUACIÓN | ||
| 650 | |a LICENCIATURA EN FILOSOFÍA | ||
| 650 | |a LÓGICA DE LA JUSTIFICACIÓN | ||
| 650 | |a AXIOMA DE MONOTONICIDAD CON EL FUNDACIONALISMO | ||
| 650 | |a AXIOMA DE MONOTONICIDAD CON EL COHERENTISMO | ||
| 650 | |a AXIOMA DE MONOTONICIDAD CON EL CONFIABILISMO | ||
| 650 | |a AXIOMA DE MONOTONICIDAD CON EL EVIDENCIALISMO | ||
| 999 | |c 14567 |d 14567 | ||
| 942 | |c TFG |h TESIS 905 |2 z | ||
